[Event "CUB-ch"]
[Site "Las Tunas"]
[Date "2001.04.14"]
[Round "12"]
[White "Nogueiras Santiago, Jesus"]
[Black "Gongora Reyes, Maikel"]
[Result "1-0"]
[WhiteElo "2557"]
[BlackElo "2417"]
[Annotator "Ribli,Z"]
[PlyCount "166"]
[EventDate "2001.04.01"]
[EventType "tourn"]
[EventRounds "16"]
[EventCountry "CUB"]
[EventCategory "9"]
[SourceTitle "CBM 083"]
[Source "ChessBase"]
[SourceDate "2001.07.05"]
[SourceVersion "1"]
[SourceVersionDate "2001.07.05"]
[SourceQuality "1"]

1. c4 e5 2. Nc3 d6 3. d4 (3. g3) (3. Nf3) 3... exd4 4. Qxd4 Nc6 5. Qd1 {
Dieser Zug wird selten gespielt - die Alternative scheint natürlicher.} (5. Qd2
) 5... g6 6. e4 (6. Nf3 Bg7 7. Bg5 Nf6 (7... Nge7 $6 8. Nd5 $36 f5 9. e3 h6 10.
Bf6 Bxf6 11. Nxf6+ Kf7 12. Nd5 Ne5 13. Nd4 c6 14. Nc3 a6 15. Be2 {1-0 Sokolov,
I-Topalov,V/Burgas 1992/Inf 55/[Sokolov,I] (47)}) 8. g3 (8. e3 h6 9. Bh4 g5 10.
Bg3 Nh5 11. Qd2 O-O 12. Be2 Be6 13. Nd5 Qd7 14. Rd1 Nxg3 15. hxg3 f5 16. O-O
Kh8 17. Rfe1 Rae8 {1-0 Siegel,G-Seret,J/Germany 2000/CBM 75 ext (49)}) 8... h6
9. Bf4 O-O 10. Bg2 Bf5 11. O-O g5 12. Bd2 Ne4 {1/2-1/2 Ioseliani,N-Espig,L/
Germany 1998/GER-chT2 (27)}) 6... Bg7 7. Bd3 {Weiß hat ein starkes
Bauernzentrum, aber die schwarze Stellung ist solide, mit starker Kontrolle
über die schwarzen Felder.} Nf6 {Dieser Springerzug gefällt mir nicht - meiner
Meinung nach ist der andere Springerzug, Nge7, logischer, denn so hielte
Schwarz sich die Möglichkeit zu f7-f5 offen.} (7... Nge7 8. f4 O-O 9. Nf3 Nd4
10. Nd2 c6 11. O-O d5 12. cxd5 cxd5 13. e5 Bf5 14. Bxf5 Ndxf5 15. Nf3 d4 16.
Ne4 Qd5 17. Qd3 Nc6 18. Bd2 f6 {1/2-1/2 Lombardy,W-Quinteros,M/Haifa 1976/EXT
2000 (28)}) (7... Bxc3+ 8. bxc3 $14 {Die schwarze Bauernstruktur ist viel
besser, aber nun bekommt Weiß Chancen auf den schwarzen Feldern.}) 8. Nge2 Ng4
$6 {Der schwarze Springer strebt nach e5. Dort aber steht er nur scheinbar
aktiv, er kann lediglich den Bd3 abtauschen, und das wäre für Weiß strategisch
keineswegs von Nachteil.} (8... O-O 9. O-O Be6 10. f3 Nd7 {[%cal Gd7c5]} 11.
Be3 Nc5 $11) 9. f3 Nge5 10. O-O Be6 11. b3 Nxd3 (11... O-O $5) 12. Qxd3 $14 {
Weiß hat eine sehr massive Bauernkette und er ist schon seinen schlechten
Läufer losgeworden. Schwarz hat zwar das Läuferpaar, doch die Stellung hat
ohnehin einen eher geschlossenen Charakter.} Qd7 13. Bb2 {Früher oder später
möchte Weiß die schwarzfeldrigen Läufer abtauschen.} O-O-O 14. Qd2 {[%mdl 32]
Weiß verteidigt den Bb2 und bereitet den Läufertausch (nach Nd5) vor.} f5 {
Es ist logisch, dass Schwarz die Stellung öffnen möchte.} 15. exf5 Bxf5 (15...
gxf5 16. Nf4 $14 {[%csl Gf4]} (16. Nd5 $14)) 16. Ng3 (16. Nd5 $14) 16... Bd4+ (
16... Be6 $14) 17. Kh1 Qg7 18. Rad1 {Weiß tauscht den Bf5 nicht ab, denn
danach könnte Schwarz etwas Gegenspiel auf der halboffenen g-Linie entwickeln.}
(18. Nxf5 gxf5 19. Rab1 Rhg8 $132) 18... Be5 19. Ba1 {Der Läufer ist gut
verteidigt auf a1. Jetzt droht 20.Nd5, wonach Weiß endlich den Abtausch der
Läufer erzwingen kann.} h5 20. Nd5 {[%csl Gd5]} Bxa1 (20... h4 21. Nxf5 gxf5
22. h3 $14) 21. Rxa1 h4 22. Nxf5 gxf5 23. h3 {Weiß muss so spielen und die
Stellung am Königsflügel festigen, ansonsten muss er immer mit h4-h3 rechnen.}
Ne5 (23... Rhg8 24. Rae1 $14) 24. f4 Nc6 25. Rae1 {Weiß hat leichten
positionellen Vorteil - seine Bauernstruktur ist gesünder, die schwarzen
Bauern auf h4 und f5 stellen potentielle Schwachpunkte dar. Auch der weiße Nd5
steht gut.} Rde8 26. Rxe8+ Rxe8 27. Re1 Qh8 (27... Rxe1+ $2 28. Qxe1 $16 {
[%cal Re1h4,Re1e6]}) 28. Qf2 {[%csl Rh4] Der schwarze Ph4 ist schwach.} Rxe1+
29. Qxe1 a5 30. Kh2 {Weiß verbessert die Stellung seines Königs.} (30. Qe6+ Kb8
31. Qxf5 Qa1+ 32. Kh2 Qxa2 $132) 30... Kb8 31. Qc3 $1 (31. Qe6 Qd4 32. Qxf5 Qf2
$132) 31... Qd4 $6 {Schwarz täte besser daran, die Damen auf dem Brett zu
halten.} (31... Qf8 $14) 32. Qxd4 Nxd4 {[%mdl 4096] Meistens gelten in
Springerendspielen die gleichen Regeln wie in Bauernendspielen. In unserer
Partiestellung steht Weiß besser, weil er sich am Königsflügel einen
entfernten Freibauern bilden kann.} 33. g4 $1 $16 c6 (33... hxg3+ 34. Kxg3 $16
{[%csl Gh3][%cal Rh3h4,Rh4h5]}) (33... fxg4 34. hxg4 $16 {[%csl Gf4,Gg4]}) 34.
Ne7 Kc7 (34... fxg4 35. hxg4 $16 {[%csl Gf4,Gg4]}) 35. Ng6 $6 $138 {Der 40.Zug
ist noch nicht erreicht - ich vermute, daß Weiß nicht genug Zeit hatte, um die
langen Varianten ganz durchzurechnen.} (35. Nxf5 $5 Nxf5 (35... Ne6 36. Nxh4
Nxf4 37. Nf5 $18 {[%csl Gg4,Gh3]}) 36. gxf5 Kd7 37. Kg2 Ke7 38. Kf3 Kf6 39. Kg4
d5 (39... b5 40. cxb5 cxb5 41. Kxh4 $16) 40. cxd5 cxd5 41. Kxh4 Kxf5 42. Kg3
$18) 35... b5 36. Nxh4 a4 {Weiß hat einen Bauern mehr, aber aufgrund des
reduzierten Materials hat Schwarz Rettungschancen.} 37. Nxf5 Nxb3 (37... axb3
38. axb3 (38. Nxd4 $4 b2 $19) 38... Nxb3 39. cxb5 cxb5 40. g5 $16) 38. cxb5
cxb5 39. g5 $2 (39. axb3 axb3 (39... a3 40. Nd4 $18) 40. Nd4 b2 41. Nxb5+ Kb6
42. Nc3 Ka5 43. g5 Kb4 44. Nb1 Kb3 45. g6 Kc2 46. g7 Kxb1 47. g8=Q $18) 39...
Nc5 40. g6 Ne4 41. g7 Nf6 42. Ne7 {Droht 43.Nd5+ mit sofortigem Gewinn.} Kd7
43. Nd5 (43. g8=Q Nxg8 44. Nxg8 Ke6 (44... b4 45. Nf6+) 45. f5+ Kxf5 46. Ne7+
Ke4 $132) 43... Ng8 44. f5 Ke8 45. Nc7+ (45. Kg3 $16) 45... Kf7 46. Nxb5 d5 (
46... Kxg7 47. Nxd6 $18) 47. Kg3 Kxg7 48. Kf4 {Nach Komplikationen hat Weiß
nur einen Mehrbauern über - aber sein Ph3 ist besonders stark.} Kf6 49. h4 Ne7
50. Nd4 {[%csl Gd4]} Ng8 51. Ne2 Ne7 52. Ng3 a3 (52... Ng8 53. Nh5+ Kf7 54. Ke5
$18) 53. h5 (53. Nh5+ Kf7 54. Ke5 Nc6+ 55. Kxd5 Nb4+ 56. Kc4 Nxa2 57. Kb3 Nc1+
58. Kxa3 Ne2 $11) 53... Ng8 54. Nf1 Nh6 55. Ne3 d4 56. Nd5+ {Weiß muss die
Springer auf dem Brett halten.} (56. Ng4+ $2 Nxg4 57. Kxg4 d3 58. Kf3 Kxf5 59.
Ke3 Kg5 60. Kxd3 Kxh5 61. Kc3 Kg5 62. Kb3 Kf5 63. Kxa3 Ke5 64. Kb4 Kd6 $11)
56... Kf7 57. Kg5 {[%csl Gg5] Endlich kann Weiß seinen König aktivieren.} Kg7
58. f6+ Kh7 59. Kf4 Nf7 60. Ke4 Kh6 61. Kxd4 Kxh5 62. Nb6 {Weiß verbessert
seine Springerstellung.} Kg6 63. Nd7 {[%csl Gd7] Der Springer steht
ausgezeichnet auf d7.} Nh6 (63... Kf5 64. Kd5 $22 $18) 64. Kd5 Kf7 65. Ke5 Ng4+
66. Kf5 Ne3+ (66... Nh6+ 67. Kg5 Ng8 68. Ne5+ $18) 67. Kg5 (67. Kf4 $1) 67...
Nc4 68. Kf5 Ne3+ 69. Kf4 $1 Nd5+ (69... Nc4 70. Ne5+ $18) 70. Kg5 Ke6 (70...
Nc7 71. Kf5 $18 {[%cal Rd7e5,Re5f7]}) 71. Nc5+ Kf7 72. Ne4 Ke6 (72... Nb4 73.
Kf5 Nxa2 74. Ng5+ Ke8 75. Ke6 $18) 73. Kg6 Nf4+ 74. Kh6 Nd5 75. Kg5 $22 (75.
Kg7 $2 Nxf6 76. Nxf6 Ke5 {[%csl Ra2][%cal Re5d4,Rd4c3,Rc3b2]} 77. Kg6 Kd4 78.
Kf5 Kc3 79. Ke4 Kb2 80. Kd3 Kxa2 81. Kc2 Ka1 $11) 75... Nxf6 (75... Kf7 76. Kf5
Ne3+ 77. Kf4 Nc4 78. Kg5 $18) 76. Nxf6 Ke5 77. Nd7+ Kd4 {[%csl Gd7]} 78. Kf4
Kc3 79. Ke3 Kb2 80. Kd2 Kxa2 {[#]} 81. Kc2 $18 {Das ist eine seltene
Endspielstellung, in der K+N gegen K+P gewinnt.} Ka1 82. Nc5 Ka2 (82... a2 83.
Nb3#) 83. Nd3 Ka1 (83... Ka1 84. Nc1 $22 a2 85. Nb3#) 1-0

[Event "Hoogovens-B"]
[Site "Wijk aan Zee"]
[Date "1991.01.??"]
[Round "5"]
[White "Bosboom, Manuel"]
[Black "Romero Holmes, Alfonso"]
[Result "0-1"]
[WhiteElo "2480"]
[BlackElo "2460"]
[Annotator "Ribli,Z"]
[PlyCount "62"]
[EventDate "1991.01.??"]
[EventType "tourn"]
[EventRounds "11"]
[EventCountry "NED"]
[EventCategory "9"]
[SourceTitle "CBM 022"]
[Source "ChessBase"]
[SourceDate "1991.06.01"]
[SourceVersion "1"]
[SourceVersionDate "1991.06.01"]
[SourceQuality "1"]

1. c4 e5 2. Nc3 d6 3. g3 g6 4. Bg2 Bg7 5. Nf3 f5 6. O-O Nf6 7. d3 O-O 8. Rb1 h6
9. b4 g5 10. c5 Kh8 11. cxd6 cxd6 12. b5 Nbd7 13. Ba3 Nb6 14. Nd2 {/\ Nc4} Ne8
15. Bb4 Rb8 16. Qb3 Rf6 17. a4 Be6 18. Qa3 h5 19. a5 Nc8 20. a6 b6 21. Nd5 Rh6
22. Rfc1 h4 23. Nc4 hxg3 24. hxg3 (24. fxg3 $5) 24... Qd7 25. Kf1 f4 26. gxf4
Bh3 $1 27. d4 gxf4 28. dxe5 Bxg2+ 29. Ke1 Bxd5 30. Nxd6 Ncxd6 31. exd6 Nxd6 {
(1.59/1.59)} 0-1

[Event "Reggio Emilia Top16 33rd"]
[Site "Reggio Emilia"]
[Date "1991.??.??"]
[Round "?"]
[White "Ehlvest, Jaan"]
[Black "Gurevich, Mikhail"]
[Result "1-0"]
[WhiteElo "2650"]
[BlackElo "2650"]
[Annotator "Ribli,Z"]
[PlyCount "77"]
[EventDate "1991.01.??"]
[EventType "tourn"]
[EventRounds "14"]
[EventCountry "ITA"]
[EventCategory "16"]
[SourceTitle "CBM 022"]
[Source "ChessBase"]
[SourceDate "1991.06.01"]
[SourceVersion "1"]
[SourceVersionDate "1991.06.01"]
[SourceQuality "1"]

1. c4 f5 2. g3 Nf6 3. Bg2 g6 4. Nc3 Bg7 5. e3 O-O 6. Nge2 d6 7. d3 e5 {-> A 21}
8. b3 $5 c6 9. O-O Be6 10. Bb2 Nbd7 11. Qd2 Qe7 12. Rac1 h5 (12... d5 $2 13.
cxd5 cxd5 14. Nb5 $1 $14) 13. Ba3 Bf7 14. Rce1 h4 15. gxh4 $5 Ne8 16. h5 $1 g5
17. d4 f4 18. Ne4 (18. exf4 gxf4 19. Nxf4 $2 Qg5 $1 $17) 18... Bxh5 19. f3 Rd8
$6 (19... Bg6 $5 20. dxe5 Bxe5 $13) 20. Rd1 Bg6 21. dxe5 $1 Nxe5 (21... Bxe5
22. exf4 gxf4 23. Nxd6 $1) 22. exf4 gxf4 23. Nxf4 $1 Bxe4 24. fxe4 Bh6 25. Qe3
Rf6 26. Qg3+ $16 Ng7 27. Nd3 Rxf1+ 28. Bxf1 Qf6 29. Bb2 Re8 30. c5 Qf3 31. Qxf3
Nxf3+ 32. Kg2 Nh4+ 33. Kh1 dxc5 34. Nxc5 Nh5 35. Bc4+ Kf8 36. Rf1+ Nf4 37. Ne6+
Ke7 38. Nxf4 Rf8 39. Ba3+ 1-0

[Event "Hoogovens-B"]
[Site "Wijk aan Zee"]
[Date "1991.01.??"]
[Round "7"]
[White "Frias Pablaza, Victor J"]
[Black "Romero Holmes, Alfonso"]
[Result "0-1"]
[WhiteElo "2520"]
[BlackElo "2460"]
[Annotator "Ribli,Z"]
[PlyCount "128"]
[EventDate "1991.01.??"]
[EventType "tourn"]
[EventRounds "11"]
[EventCountry "NED"]
[EventCategory "9"]
[SourceTitle "CBM 022"]
[Source "ChessBase"]
[SourceDate "1991.06.01"]
[SourceVersion "1"]
[SourceVersionDate "1991.06.01"]
[SourceQuality "1"]

1. c4 g6 2. Nc3 Bg7 3. g3 e5 4. Bg2 d6 5. d3 f5 6. e3 Nf6 7. Nge2 O-O 8. O-O c6
(8... Kh8 9. b4 e4 $2 10. Bb2 $1 Nc6 11. dxe4 Ne5 12. Rc1 Nxc4 13. Ba1 $14 {
Hansen,C-Ljubojevic,L Wijk aan Zee 1988 45/19}) 9. b4 (9. b3 $5) 9... a6 10. a4
Be6 11. Bb2 d5 12. cxd5 cxd5 13. a5 Nc6 14. Na4 Bf7 15. Qd2 Re8 16. Rfc1 Nd7
17. Nc5 Nxc5 18. bxc5 Rc8 19. d4 e4 20. Bc3 g5 21. Rf1 Qe7 22. Rae1 Bh5 23. f3
exf3 24. Bxf3 Bxf3 25. Rxf3 Qe4 26. Rf2 (26. Ref1 g4 27. Rxf5 Qxe3+ 28. Qxe3
Rxe3 29. R1f2 Rce8 30. Kf1 Bxd4 31. Rg5+ Kh8 32. Bd2 $13) 26... Qxe3 27. Qxe3
Rxe3 28. Kf1 Rf8 29. Bd2 Re4 30. Bxg5 Bxd4 31. Nxd4 Rxe1+ 32. Kxe1 Nxd4 33. Bh6
Rf6 34. Bf4 Rf7 35. Rb2 Nc6 36. Rd2 Rd7 37. Bd6 Nxa5 38. Rxd5 Nc4 39. Ke2 Nxd6
40. cxd6 Kg7 41. Kd3 Kf6 42. Kc4 b6 $1 43. Rd1 Ke5 44. Ra1 Rxd6 $1 45. Kb4 (45.
Rxa6 b5+ $1 46. Kxb5 Rxa6 47. Kxa6 Ke4 48. Kb5 Kf3 49. Kc5 Kg2 50. Kd5 Kxh2 51.
Ke5 Kxg3 52. Kxf5 h5 $19) 45... Rd4+ 46. Kc3 a5 47. Rb1 Rb4 48. Re1+ Kd6 49.
Rd1+ Kc6 50. Rd8 f4 51. gxf4 Rxf4 52. Rd3 Rh4 53. h3 {Warum spielt Weiss in
dieser Stellung noch mehr als 10 Züge?} b5 54. Rf3 a4 55. Kb2 Kc5 56. Ka3 Kc4
57. Kb2 b4 58. Rg3 Rf4 59. Rg2 a3+ 60. Ka2 Kb5 61. Rg7 Rf2+ 62. Kb1 Ka4 63. Rg4
a2+ 64. Ka1 Ka3 {(2.33/2.44)} 0-1

[Event "Budapest FS02 GM"]
[Site "Budapest"]
[Date "1994.??.??"]
[Round "7"]
[White "Dao, Thien Hai"]
[Black "Bezold, Michael"]
[Result "1-0"]
[WhiteElo "2495"]
[BlackElo "2515"]
[Annotator "Ribli,Z"]
[PlyCount "71"]
[EventDate "1994.02.??"]
[EventType "tourn"]
[EventRounds "13"]
[EventCountry "HUN"]
[EventCategory "9"]
[SourceTitle "CBM 040"]
[Source "ChessBase"]
[SourceDate "1994.06.01"]
[SourceVersion "1"]
[SourceVersionDate "1994.06.01"]
[SourceQuality "1"]

1. d4 d6 2. c4 e5 3. Nf3 e4 4. Ng5 f5 5. Nc3 c6 6. g3 Na6 7. Nh3 Be7 8. Bg2 Nf6
9. O-O Nc7 10. Nf4 (10. d5 O-O (10... cxd5 11. cxd5 O-O 12. f3 {Gostisa,
L-Supancic,D/Maribor/1990/}) 11. f3 b5 {Hansen,Cu-Vaganian,R/Ter Apel/1993/}
12. dxc6 $5) 10... g5 (10... O-O $5) 11. Nh3 h6 12. f3 exf3 (12... d5) 13. exf3
Be6 14. d5 $1 cxd5 15. cxd5 Nfxd5 (15... Ncxd5 16. Re1 Nxc3 17. bxc3 Bf7 18.
Qc2 $44) 16. f4 Nxc3 17. bxc3 g4 18. Nf2 Bf6 $2 (18... O-O $5) 19. Ba3 $1 d5 (
19... Bxc3 $2 20. Rc1 Bf6 21. Re1 $18) 20. Rb1 b6 21. Re1 Kf7 22. Rxe6 Kxe6 (
22... Nxe6 23. Bxd5 Re8 24. Qb3 Qd7 25. Re1 $44) 23. Qd3 Qd7 24. c4 $1 d4 25.
Nxg4 Rae8 (25... fxg4 26. Qg6 $18) 26. Rb5 Qh7 (26... fxg4 27. Qg6 $18) (26...
Nxb5 27. Bd5+ $18) 27. Nxf6 Kxf6 28. Qxd4+ Kg6 29. Rb1 $44 Rd8 (29... Ne6 $5)
30. Rxb6+ $1 axb6 31. Qxb6+ Kf7 32. Qxc7+ Kg6 33. Qc6+ Kf7 34. Bd5+ Rxd5 35.
Qxd5+ Ke8 36. Bc5 1-0

[Event "Altensteig"]
[Site "Altensteig"]
[Date "1990.??.??"]
[Round "10"]
[White "Rajkovic, Dusan"]
[Black "Paehtz, Thomas Sr"]
[Result "1-0"]
[WhiteElo "2485"]
[BlackElo "2445"]
[Annotator "Ribli,Z"]
[PlyCount "101"]
[EventDate "1990.07.??"]
[EventType "tourn"]
[EventRounds "11"]
[EventCountry "GER"]
[EventCategory "9"]
[SourceTitle "CBM 020"]
[Source "ChessBase"]
[SourceDate "1991.02.01"]
[SourceVersion "1"]
[SourceVersionDate "1991.02.01"]
[SourceQuality "1"]

1. c4 e5 2. Nc3 d6 3. d4 exd4 4. Qxd4 Nc6 5. Qd2 Nf6 6. g3 Be6 (6... g6 7. Bg2
Bg7 8. Nh3 {Petursson,M-Anand,V Manila izt 1990 CBM/19 49/28}) 7. Nd5 g6 (7...
Ne5 $5) 8. b3 Bg7 9. Bb2 O-O 10. Bg2 a5 11. Nh3 Bxh3 12. Nxf6+ Bxf6 13. Bxh3 a4
14. O-O a3 15. Bc3 Kg7 16. Rac1 Bxc3 17. Rxc3 Qf6 18. Bg2 Qd4 19. Qxd4+ Nxd4
20. Re1 Nc6 21. c5 $1 dxc5 22. Bxc6 bxc6 23. Rxc5 Rfd8 24. Rec1 Rd2 25. R1c2
Rxc2 26. Rxc2 Rd8 27. Kg2 $1 Rd1 28. Kf3 g5 29. Ke3 Ra1 30. Kd4 f6 31. f4 gxf4
32. gxf4 Rd1+ 33. Ke4 Kg6 34. e3 f5+ 35. Ke5 Rd5+ 36. Ke6 Rd6+ 37. Ke7 Kh5 38.
Rg2 Rd3 39. Rg5+ Kh6 40. Rxf5 Rxe3+ 41. Re5 Rf3 42. f5 Kg7 43. f6+ Kg6 (43...
Rxf6 44. Rg5+ Rg6 45. Rxg6+ Kxg6 46. Kd7 Kg5 47. Kxc6 Kh4 48. Kxc7 h5 49. b4
Kh3 50. b5 Kxh2 51. b6 h4 52. b7 h3 53. b8=Q $18) 44. Re2 h5 45. Rg2+ Kh7 46.
f7 Re3+ 47. Kf8 Re5 48. h4 Re4 49. Rg7+ Kh8 50. Rg5 Rxh4 51. Ke7 1-0

[Event "Linares 09th"]
[Site "Linares"]
[Date "1991.??.??"]
[Round "13"]
[White "Kasparov, Garry"]
[Black "Jussupow, Artur"]
[Result "1/2-1/2"]
[WhiteElo "2800"]
[BlackElo "2605"]
[Annotator "Ribli,Z"]
[PlyCount "79"]
[EventDate "1991.02.??"]
[EventType "tourn"]
[EventRounds "13"]
[EventCountry "ESP"]
[EventCategory "17"]
[SourceTitle "CBM 022"]
[Source "ChessBase"]
[SourceDate "1991.06.01"]
[SourceVersion "1"]
[SourceVersionDate "1991.06.01"]
[SourceQuality "1"]

1. c4 f5 2. g3 Nf6 3. Nc3 g6 4. Bg2 Bg7 5. d3 d6 6. e3 O-O 7. Nge2 e5 8. O-O {
-> A 21} Nbd7 (8... g5 $6 9. f4 h6 10. Rb1 Nc6 11. b4 Qe8 12. Nd5 $14 {Mednis,
E-Visser,Y Amsterdam OHRA-B 1989 CBM/15}) (8... Kh8 9. b4 e4 $6 10. Bb2 Nc6 11.
dxe4 Ne5 12. Rc1 $1 Nxc4 13. Ba1 $14 {Hansen,C-Ljubojevic Wijk aan Zee 1988 45/
19}) 9. Rb1 Kh8 10. b4 a6 11. Bb2 Nh5 12. f4 Ndf6 13. Qd2 c6 14. a4 Qe7 15. b5
axb5 16. axb5 Bd7 17. h3 Rfe8 18. Ra1 h6 19. e4 Rxa1 20. Rxa1 Qd8 $1 21. exf5
Bxf5 22. Kh2 (22. g4 Bxg4 $1 23. hxg4 Nxg4 $44) 22... exf4 23. Nxf4 Nxf4 24.
Qxf4 Nh5 $36 25. Qd2 Kh7 26. Ne4 d5 27. Bxg7 Kxg7 28. Qb2+ Kg8 29. cxd5 cxd5
30. Nc3 Qc7 $1 31. Bxd5+ Kh7 32. Rg1 Re3 33. Ne4 Bxe4 (33... Rxd3 $5) 34. Bxe4
Nxg3 (34... Rxg3 35. b6 $1 Qf4 36. Rxg3 Qxg3+ 37. Kh1 Qxh3+ 38. Kg1 $13) 35.
Bxg6+ $1 Kxg6 36. Qf2 Rxd3 37. Rxg3+ Rxg3 38. Qxg3+ Qxg3+ 39. Kxg3 Kg5 40. b6
1/2-1/2

[Event "Santa Clara"]
[Site "Santa Clara"]
[Date "1991.??.??"]
[Round "5"]
[White "Vilela de Acuna, Jose Luis"]
[Black "Magem Badals, Jordi"]
[Result "1-0"]
[WhiteElo "2440"]
[BlackElo "2490"]
[Annotator "Ribli,Z"]
[PlyCount "99"]
[EventDate "1991.02.??"]
[EventType "tourn"]
[EventRounds "13"]
[EventCountry "CUB"]
[EventCategory "9"]
[SourceTitle "CBM 026"]
[Source "ChessBase"]
[SourceDate "1992.02.01"]
[SourceVersion "1"]
[SourceVersionDate "1992.02.01"]
[SourceQuality "1"]

1. c4 e5 2. Nc3 d6 3. e3 f5 4. d4 Be7 (4... Nf6 5. dxe5 $6 (5. Bd3 $5) 5...
dxe5 6. Qxd8+ Kxd8 7. b3 Be6 8. Bb2 Nbd7 9. Nf3 c6 10. Be2 Bd6 11. O-O Ke7 $10
{Illescas,CM-Magem,BJ Barcelona 1990 CBM/21}) 5. Bd3 $5 Nf6 6. Nge2 c6 7. O-O
O-O 8. f3 Be6 9. Qc2 g6 10. Bd2 Nbd7 11. Rac1 Bf7 12. Rfd1 Re8 13. b4 Nb6 14.
dxe5 dxe5 15. c5 Nc4 (15... Nbd5 $5) 16. Bxc4 Bxc4 17. Be1 Qc7 18. Ne4 $1 Bd5
19. Nd6 $1 Bxd6 20. cxd6 Qb6 21. Qc3 Rad8 22. Bf2 Qb5 23. Ng3 Bf7 24. e4 f4 25.
Nf1 a6 26. Qd2 Nd7 27. a3 Qa4 28. Rc3 Ra8 29. Rb1 g5 30. h3 Be6 31. Qc1 Reb8
32. Nd2 a5 33. Nc4 Bxc4 34. Rxc4 axb4 35. Rcxb4 Qxa3 36. Qc4+ Kh8 37. Qe6 Rd8
38. Rxb7 Qa2 39. Qf5 h6 40. Qg6 Qg8 41. Qxh6+ Qh7 42. Qxh7+ Kxh7 43. Bb6 Kg6
44. Bxd8 Rxd8 45. Rc7 Kf6 46. Rxc6 Ke6 47. Rbc1 Ra8 48. Rc8 Ra6 49. Re8+ Kf6
50. Rd1 1-0

[Event "Podgorica"]
[Site "Podgorica"]
[Date "1993.??.??"]
[Round "9"]
[White "Pavlovic, Milos"]
[Black "Kontic, Djordjije"]
[Result "1-0"]
[WhiteElo "2455"]
[BlackElo "2400"]
[Annotator "Ribli,Z"]
[PlyCount "81"]
[EventDate "1993.02.??"]
[EventType "tourn"]
[EventRounds "13"]
[EventCountry "YUG"]
[EventCategory "10"]
[SourceTitle "CBM 036"]
[Source "ChessBase"]
[SourceDate "1993.10.01"]
[SourceVersion "1"]
[SourceVersionDate "1993.10.01"]
[SourceQuality "1"]

1. c4 e5 2. Nc3 d6 3. g3 f5 4. Bg2 Nf6 5. d3 Nc6 6. e3 Be7 7. Nge2 O-O 8. O-O
$1 (8. d4 $6 {Dolinar,D-Muri,E/Bled-op/1992/CBM29/}) 8... Qe8 9. Bd2 $5 (9. Rb1
h5 10. h4 Nd8 11. Nd5 Nxd5 12. cxd5 g5 13. hxg5 Bxg5 14. f4 $14 {
Benko-Rossolimo/Malaga 1970/}) 9... Nd8 (9... Qh5 10. Nd5 $1 $14) 10. Qc2 Bd7
11. Rae1 Bc6 12. e4 Qh5 13. Nd5 $1 $14 Bxd5 14. cxd5 c5 15. dxc6 bxc6 16. exf5
Qxf5 17. Nd4 $1 exd4 18. Rxe7 Nd5 19. Re4 Rc8 (19... Qf6 20. Qc4 $16) 20. Rh4
$1 Qf7 21. Rxd4 Ne6 22. Rc4 Nb6 23. Rh4 (23. Rxc6 $4 Nd4 $1 $17) 23... g5 24.
Re4 d5 25. Ree1 g4 (25... Nd4 26. Qc5 $16) 26. Be3 Qg6 27. a4 Rc7 28. b4 Nd7
29. Qc3 Rf5 30. Bc1 $1 $18 Ng5 31. Bxg5 Qxg5 32. Re8+ Kf7 33. Qh8 Re5 34. Rxe5
Nxe5 35. Qxh7+ Qg7 36. Qh5+ Kg8 37. b5 $1 cxb5 38. Bxd5+ Kf8 39. Re1 Re7 40.
Qf5+ Ke8 41. Qc8# 1-0

[Event "Interzonal-15"]
[Site "Manila"]
[Date "1990.??.??"]
[Round "7"]
[White "Ehlvest, Jaan"]
[Black "Shirov, Alexei"]
[Result "1-0"]
[WhiteElo "2655"]
[BlackElo "2580"]
[Annotator "Ribli,Z"]
[PlyCount "41"]
[EventDate "1990.06.29"]
[EventType "swiss"]
[EventRounds "13"]
[EventCountry "PHI"]
[SourceTitle "CBM 019"]
[Source "ChessBase"]
[SourceDate "1990.12.01"]
[SourceVersion "1"]
[SourceVersionDate "1990.12.01"]
[SourceQuality "1"]

1. c4 e5 2. Nc3 Bb4 3. Nd5 Be7 $6 4. Nf3 c6 5. Nxe7 Qxe7 6. b3 d5 7. e3 Nh6 8.
cxd5 cxd5 9. a4 $1 Nc6 10. Ba3 Qe6 (10... Nb4 $2 11. Nxe5 Qxe5 12. Bxb4 $16)
11. Rc1 Bd7 12. b4 $1 f6 13. b5 Nd8 14. Be2 Nf5 15. O-O Nd6 16. Qb3 b6 17. d4
e4 18. Nd2 N8b7 19. f3 $1 f5 20. fxe4 fxe4 21. Nb1 {Ribli} 1-0

[Event "Interzonal-15"]
[Site "Manila"]
[Date "1990.??.??"]
[Round "13"]
[White "Portisch, Lajos"]
[Black "Torre, Eugenio"]
[Result "0-1"]
[WhiteElo "2590"]
[BlackElo "2530"]
[Annotator "Ribli,Z"]
[PlyCount "80"]
[EventDate "1990.06.29"]
[EventType "swiss"]
[EventRounds "13"]
[EventCountry "PHI"]
[SourceTitle "CBM 019"]
[Source "ChessBase"]
[SourceDate "1990.12.01"]
[SourceVersion "1"]
[SourceVersionDate "1990.12.01"]
[SourceQuality "1"]

1. d4 d6 2. c4 e5 3. Nf3 e4 4. Ng5 f5 5. Nc3 c6 6. Nh3 Na6 $1 7. e3 Nf6 8. Be2
(8. d5 $6 g6 9. b3 Bg7 10. Bb2 O-O 11. Qd2 Ng4 12. Be2 Nc5 13. Rd1 Qh4 $36 {
Knaak-Speelman Thessaloniki ol 1988 46/20}) (8. Nf4 g6 9. a3 Nc7 10. d5 {
1/4-1/4 Hynes,K-Mc Nab,C Blackpool zt CBM 18}) 8... Be7 9. O-O O-O 10. f3 (10.
Bd2 Kh8 11. f3 exf3 12. Bxf3 Nc7 13. d5 {Eingorn-Zaichik Harkov 1985 40/32})
10... Nc7 11. Qb3 Kh8 12. Bd2 Ne6 $1 (12... Rb8 13. Be1 b5 14. Bg3 Bd7 15. cxb5
$14 {Uhlmann-Rodriguez Halle 1974 18/35}) 13. fxe4 Nxe4 14. Nxe4 fxe4 15. Rxf8+
Nxf8 16. Nf4 Bg5 17. Rf1 Qe7 18. Nh5 Ne6 $1 {/\ Nxd4} 19. Bc1 g6 20. Ng3 Kg8
21. Qc2 (21. Nxe4 Nxd4 22. exd4 Bxc1 (22... Qxe4 23. Bxg5 Qxe2 24. Bh6 $1) 23.
Rxc1 Qxe4 24. Qd3 Bf5 $10) 21... d5 22. cxd5 cxd5 23. Qb3 Qd6 24. Bd1 (24. Bd2
$5) 24... b6 25. Bd2 Ba6 26. Be2 Bb7 27. Bb4 Qc6 $2 (27... Qd7) 28. Bg4 $2 (28.
Nxe4 $1 dxe4 29. d5 Qxd5 30. Bc4 $18) 28... Ba6 29. Re1 h5 30. Bh3 Bh4 31. Qc3
Qe8 32. Qa3 Bd3 33. Bxe6+ Qxe6 34. Bd6 Rc8 35. Be5 a5 $1 36. h3 Rc2 37. Kh2 Be7
$1 38. Qb3 Qc6 $1 39. a3 a4 40. Qa2 Qb5 {Ribli} 0-1